[Event "Llinars del Valles op-B 13th"]
[Site "Llinars del Valles"]
[Date "2019.04.06"]
[Round "2"]
[White "Sarra Garcia, Francesc"]
[Black "Rivas Garcia, Alberto"]
[Result "1/2-1/2"]
[WhiteElo "1427"]
[BlackElo "1424"]
[PlyCount "84"]
[EventDate "2019.03.30"]
[EventType "swiss"]
[EventRounds "8"]
[EventCountry "ESP"]
[SourceTitle "EXT 2020"]
[Source "ChessBase"]
[SourceDate "2019.10.17"]
[SourceVersion "1"]
[SourceVersionDate "2019.10.17"]
[SourceQuality "1"]

1. e4 c6 2. Nf3 d5 3. exd5 cxd5 4. d4 Nc6 5. Nc3 Bg4 6. Be2 Nf6 7. h3 Bxf3 8. Bxf3 e6 9. a3 Qb6 10. Ne2 Be7 11. c3 0-0 12. 0-0 Na5 13. b4 Nc4 14. Re1 a5 15. Nf4 axb4 16. cxb4 Qc7 17. Nd3 Nd7 18. Bxd5 Bxb4 19. Nxb4 exd5 20. Nxd5 Qd6 21. Nb4 Ndb6 22. Qd3 Rfe8 23. Rxe8+ Rxe8 24. Be3 Qf6 25. Rc1 Qe6 26. d5 Qe4 27. Bxb6 Qxd3 28. Nxd3 Nxb6 29. Nf4 Rc8 30. Rb1 Nc4 31. Rxb7 Nxa3 32. d6 Rd8 33. d7 Nc4 34. Nd5 f6 35. Kf1 Kf7 36. Rc7 Ne5 37. Nb6 Ke7 38. f4 Nxd7 39. Kf2 Kd6 40. Rb7 Kc6 41. Rxd7 Rxd7 42. Nxd7 Kxd7 1/2-1/2

[Event "Llinars del Valles op-B 13th"]
[Site "Llinars del Valles"]
[Date "2019.03.30"]
[Round "1"]
[White "Guiu Mesa, Jordi"]
[Black "Sarra Garcia, Francesc"]
[Result "1/2-1/2"]
[WhiteElo "1461"]
[BlackElo "1427"]
[PlyCount "128"]
[EventDate "2019.03.30"]
[EventType "swiss"]
[EventRounds "8"]
[EventCountry "ESP"]
[SourceTitle "EXT 2020"]
[Source "ChessBase"]
[SourceDate "2019.10.17"]
[SourceVersion "1"]
[SourceVersionDate "2019.10.17"]
[SourceQuality "1"]

1. e4 e5 2. Nf3 Nc6 3. Bb5 d6 4. 0-0 Bd7 5. c3 Nf6 6. Re1 a6 7. Ba4 h6 8. d4 Be7 9. Nbd2 0-0 10. Bxc6 Bxc6 11. dxe5 dxe5 12. Nxe5 Bxe4 13. Nxe4 Qxd1 14. Rxd1 Nxe4 15. Be3 Bd6 16. Bd4 Ng5 17. Nc4 Be7 18. Rd3 b5 19. Ne5 Bd6 20. f4 Ne6 21. Be3 Rad8 22. Rad1 Nc5 23. Rd5 Ne4 24. g3 Rfe8 25. Kg2 Nf6 26. R5d3 Ne4 27. Rd4 Nc5 28. Kf3 Na4 29. R1d2 Re6 30. R4d3 Rde8 31. Bd4 Nc5 32. Re3 f6 33. Ng4 Rxe3+ 34. Bxe3 Ne4 35. Rd5 Kf7 36. Bd4 Nd2+ 37. Kf2 Nc4 38. b3 Na3 39. Be3 Nc2 40. Kf3 Kg6 41. f5+ Kf7 42. Rd2 Nxe3 43. Nxe3 g5 44. h3 h5 45. Nc2 Kg7 46. Nd4 Kh6 47. Ne6 Rc8 48. Re2 Be5 49. Re3 c5 50. Kf2 b4 51. c4 Re8 52. Rd3 Rc8 53. g4 h4 54. Rd5 a5 55. Kf3 Bd4 56. Nxd4 cxd4 57. Rxd4 Kg7 58. Rd5 Ra8 59. c5 a4 60. c6 axb3 61. axb3 Ra3 62. Rd3 Ra8 63. Rd7+ Kh6 64. c7 Rc8 1/2-1/2